| 000 | 00561nam a2200217Ia 4500 | ||
|---|---|---|---|
| 003 | OSt | ||
| 005 | 20220926042415.0 | ||
| 006 | a|||||r|||| 00| 0 | ||
| 007 | ta | ||
| 008 | 220923b |||||||| |||| 00| 0 eng d | ||
| 037 | _cGeneral Book | ||
| 040 |
_aRTL _cRTL _beng |
||
| 041 |
_2eng _aeng |
||
| 082 | _aX9:8, J8; K0 | ||
| 100 | _aDeshpande A S | ||
| 245 | 0 | _aFactory management and business organization | |
| 250 | _a2nd | ||
| 650 |
_aManagement _930681 |
||
| 942 |
_hX9:8, J8; K0 _cGB _2CC |
||
| 999 |
_c669662 _d669662 |
||